U.S. States by Last Two Letters in 30 Seconds - Statistics

General Stats
  • This quiz has been taken 216 times
  • The average score is 30 of 50
Answers on the Map
Answers color-coded by a green-red scale on the quiz's map according to % correct below.
 
Answer Stats
State % Correct
California
98%
Georgia
98%
Pennsylvania
98%
Virginia
98%
West Virginia
98%
Florida
92%
Nevada
92%
Arizona
90%
Indiana
90%
Louisiana
90%
Montana
90%
North Carolina
90%
South Carolina
90%
Oregon
89%
Washington
89%
Arkansas
87%
Kansas
87%
Texas
87%
Idaho
73%
Alaska
68%
Nebraska
68%
Minnesota
58%
North Dakota
58%
South Dakota
58%
New York
56%
Wyoming
53%
Alabama
52%
Colorado
52%
Oklahoma
52%
Illinois
50%
Maine
50%
Michigan
47%
Ohio
47%
Utah
47%
Hawaii
40%
Iowa
39%
New Mexico
35%
Maryland
32%
Rhode Island
32%
Wisconsin
32%
Kentucky
31%
Mississippi
29%
Delaware
27%
New Hampshire
27%
Tennessee
27%
Missouri
26%
New Jersey
26%
Vermont
21%
Massachusetts
16%
Connecticut
10%
No matching quizzes found
Score Distribution
Percent of People with Each Score
Percentile by Number Answered
Your Score History
You have not taken this quiz